| 000 | 01560nam a2200373 a 4500 | ||
|---|---|---|---|
| 001 | 24458 | ||
| 003 | CO-ViMGA | ||
| 008 | 141112s2004 ck r 000 u spa d | ||
| 020 | _a9789589827352 | ||
| 040 |
_aCO-ViMGA _bspa _cCO-ViMGA |
||
| 041 | _aSPA | ||
| 090 | _aP POM1 | ||
| 100 | 1 |
_aPombo, Rafael, 1833 - 1912 _936287 |
|
| 245 | 1 | 0 |
_aCuentos pintados / _cRafael Pombo ; ilustrado por Ivar Da Coll |
| 260 |
_aBogotá : _bBabel, _c2008 |
||
| 300 | _a72 p. : il. col. : il. | ||
| 505 | _aPastorcita ; La pobre viejecita ; Mirringa mirronga ; El renacuajo paseador ; Simón el bobito ; Juan matachín | ||
| 650 | 1 | 4 | _a. |
| 650 | 1 | 4 |
_aANIMALES - POESIA _915710 |
| 650 | 1 | 4 |
_aAUTORES COLOMBIANOS _932 |
| 650 | 1 | 4 |
_aFABULAS COLOMBIANAS _925306 |
| 650 | 1 | 4 |
_aLITERATURA INFANTIL COLOMBIANA _934 |
| 650 | 1 | 4 |
_aPOESIA INFANTIL COLOMBIANA _9943 |
| 700 | 1 |
_aDa Coll, Ivar, 1962 - _92446 |
|
| 700 | 1 |
_aPombo, Rafael, 1833 - 1912 Pombo, Rafael, 1833 - 1912 Pombo, Rafael, 1833 - 1912 Pombo, Rafael, 1833 - 1912 Pombo, Rafael, 1833 - 1912 Pombo, Rafael, 1833 - 1912 _936288 |
|
| 700 | 1 |
_aPombo, Rafael. El renacuajo paseador _936289 |
|
| 700 | 1 |
_aPombo, Rafael. Juan matachín _936290 |
|
| 700 | 1 |
_aPombo, Rafael. La pobre viejecita _936291 |
|
| 700 | 1 |
_aPombo, Rafael. Mirringa mirronga _936292 |
|
| 700 | 1 |
_aPombo, Rafael. Pastorcita _936293 |
|
| 700 | 1 |
_aPombo, Rafael. Simón el bobito _936294 |
|
| 740 | _aPastorcita \ La pobre viejecita \ Mirringa mirronga \ El renacuajo paseador \ Simón el bobito \ Juan matachín | ||
| 942 |
_2ddc _cBK |
||
| 999 |
_c2183 _d2183 |
||